[Event "Viljandi Raud Memorial 54th"]
[Site "Viljandi"]
[Date "2020.07.06"]
[Round "1"]
[White "Tsiganova, Monika"]
[Black "Neiksans, Arturs"]
[Result "0-1"]
[WhiteElo "2029"]
[BlackElo "2557"]
[PlyCount "62"]
[EventDate "2020.07.06"]
[EventType "swiss"]
[EventRounds "9"]
[EventCountry "EST"]
[SourceTitle "CBM 197 Extra"]
[Source "ChessBase"]
[SourceDate "2020.09.30"]
[SourceVersion "1"]
[SourceVersionDate "2020.09.30"]
[SourceQuality "1"]

1. d4 f5 2. Nf3 Nf6 3. Nc3 e6 4. Bg5 Bb4 5. e3 d6 6. Bd3 h6 7. Bxf6 Qxf6 8. Qe2 e5 9. dxe5 dxe5 10. Bc4 Nd7 11. Bb3 c6 12. Qc4 Be7 13. Qe6 e4 14. Nd4 Nc5 15. Qxf6 Bxf6 16. Bc4 b5 17. Be2 b4 18. Bh5+ Kf8 19. Nce2 Na4 20. Nf4 c5 21. Ng6+ Kg8 22. Nc6 Kh7 23. Nxh8 Kxh8 24. 0-0 Bd7 25. Na5 Bxb2 26. Rad1 Bb5 27. Bg6 Bf6 28. Bxf5 Nc3 29. Nb3 Bxf1 30. Rxf1 Re8 31. Nxc5 Re5 0-1

[Event "RUS-chT (Women)"]
[Site "Sochi"]
[Date "2019.05.08"]
[Round "7.3"]
[White "Tsiganova, Monika"]
[Black "Degtyareva, Kristina"]
[Result "1/2-1/2"]
[WhiteElo "2052"]
[BlackElo "1812"]
[PlyCount "80"]
[EventDate "2019.05.01"]
[EventType "team-swiss"]
[EventRounds "9"]
[EventCountry "RUS"]
[SourceTitle "CBM 190 Extra"]
[Source "ChessBase"]
[SourceDate "2019.07.15"]
[SourceVersion "1"]
[SourceVersionDate "2019.07.15"]
[SourceQuality "1"]
[WhiteTeam "Moscow Ekspromt (W)"]
[BlackTeam "Altai Territory (W)"]
[WhiteTeamCountry "RUS"]
[BlackTeamCountry "RUS"]

1. d4 d5 2. Nf3 Nf6 3. c4 c6 4. e3 e6 5. Nc3 Nbd7 6. Qc2 dxc4 7. Bxc4 b5 8. Bd3 Bb7 9. 0-0 a6 10. Rd1 Rc8 11. e4 b4 12. Na4 c5 13. d5 exd5 14. exd5 Bd6 15. Re1+ Kf8 16. Bg5 Qc7 17. Bc4 h6 18. Bh4 g6 19. Rad1 Kg7 20. b3 Rhe8 21. Qd3 a5 22. Nb2 Ng4 23. Bg3 Nb6 24. Ba6 Bxa6 25. Qxa6 Rxe1+ 26. Rxe1 Bxg3 27. hxg3 Nxd5 28. Nc4 Qc6 29. Qxc6 Rxc6 30. Rd1 Nc3 31. Rd7 a4 32. bxa4 Nxa2 33. a5 Nc3 34. Rb7 Nd5 35. Nfd2 Re6 36. Kf1 Nh2+ 37. Kg1 Ng4 38. Kf1 Nh2+ 39. Kg1 Ng4 40. Kf1 Nh2+ 1/2-1/2

[Event "Olympiad Women-43"]
[Site "Batumi"]
[Date "2018.09.26"]
[Round "3.30"]
[White "Lebel Arias, Julia"]
[Black "Tsiganova, Monika"]
[Result "0-1"]
[WhiteElo "1724"]
[BlackElo "2102"]
[PlyCount "78"]
[EventDate "2018.09.24"]
[EventType "team-swiss"]
[EventRounds "11"]
[EventCountry "GEO"]
[SourceTitle "EXT 2020"]
[Source "ChessBase"]
[SourceDate "2019.10.17"]
[SourceVersion "1"]
[SourceVersionDate "2019.10.17"]
[SourceQuality "1"]
[WhiteTeam "Monaco (W)"]
[BlackTeam "Estonia (W)"]
[WhiteTeamCountry "MNC"]
[BlackTeamCountry "EST"]

1. d4 Nf6 2. e3 g6 3. Nd2 Bg7 4. c3 0-0 5. Be2 d6 6. e4 Nbd7 7. f4 e5 8. fxe5 dxe5 9. d5 c6 10. dxc6 bxc6 11. Ngf3 Nc5 12. Qc2 Nfxe4 13. Nc4 Bf5 14. Ne3 Ng3 15. Nxf5 Nxh1 16. Nxg7 e4 17. Bg5 Qd7 18. Nd4 Kxg7 19. 0-0-0 Nf2 20. Rf1 Nfd3+ 21. Kb1 f6 22. Be3 Rab8 23. b3 a5 24. Bxd3 Nxd3 25. Qd2 Rf7 26. Ka1 c5 27. Nc2 a4 28. b4 Qb5 29. Rb1 Rd7 30. Na3 Qc6 31. b5 Qe6 32. Qc2 Qe5 33. g3 Nb4 34. Qb2 Nd5 35. Bxc5 Nxc3 36. Rc1 Qxc5 37. Qxc3 Qe7 38. Qb2 e3 39. Nc4 e2 0-1

[Event "Panevezys Elite op"]
[Site "Panevezys"]
[Date "2018.07.06"]
[Round "9"]
[White "Tsiganova, Monika"]
[Black "Grib, Roman"]
[Result "0-1"]
[WhiteElo "2131"]
[BlackElo "2445"]
[PlyCount "152"]
[EventDate "2018.06.29"]
[EventType "swiss"]
[EventRounds "9"]
[EventCountry "LTU"]
[SourceTitle "CBM 185 Extra"]
[Source "ChessBase"]
[SourceDate "2018.07.29"]
[SourceVersion "1"]
[SourceVersionDate "2018.07.29"]
[SourceQuality "1"]

1. d4 Nf6 2. Nf3 g6 3. e3 Bg7 4. Be2 0-0 5. 0-0 d5 6. Nbd2 c5 7. dxc5 Qc7 8. Nb3 Nbd7 9. c4 dxc4 10. Bxc4 Nxc5 11. Nxc5 Qxc5 12. Qd4 Nd7 13. Qxc5 Nxc5 14. Nd4 Rd8 15. b3 e5 16. Nb5 Be6 17. Bxe6 Nxe6 18. Ba3 a6 19. Nd6 Bf8 20. Nc4 Bxa3 21. Nxa3 b5 22. Rfd1 Rac8 23. Kf1 Rxd1+ 24. Rxd1 Kf8 25. Ke2 Ke7 26. Rd2 Rc1 27. Nc2 a5 28. Na3 Rc5 29. Rc2 Kd6 30. f3 f5 31. Rxc5 Kxc5 32. Kd3 Nc7 33. Nc2 Nd5 34. a3 b4 35. a4 Nf6 36. Ke2 Kd5 37. Ne1 Nd7 38. Nd3 e4 39. Nf4+ Kd6 40. Kd2 exf3 41. gxf3 Ne5 42. Ke2 g5 43. Nh5 Nd7 44. Ng3 Ke5 45. Kd3 f4 46. Ne2 fxe3 47. Kxe3 Nc5 48. Nc1 Kd5 49. Kd2 Ne6 50. Ke3 Nd4 51. Kf2 Ne6 52. Ke3 Nc5 53. Kd2 h6 54. Ke3 h5 55. Kd2 Kd4 56. Ne2+ Ke5 57. Nc1 Kf4 58. Ke2 g4 59. fxg4 Kxg4 60. Kf2 h4 61. Kg2 h3+ 62. Kf2 Kf4 63. Ne2+ Ke4 64. Ng1 Nxb3 65. Nxh3 Nd4 66. Ke1 b3 67. Nf2+ Ke3 68. Nd1+ Kd3 69. h3 Kc2 70. Ne3+ Kc1 71. Nc4 b2 72. Nxb2 Kxb2 73. Kd2 Kb3 74. Kd3 Nf3 75. Ke3 Nh4 76. Kd3 Kxa4 0-1

[Event "Panevezys Elite op"]
[Site "Panevezys"]
[Date "2018.06.30"]
[Round "2"]
[White "Tsiganova, Monika"]
[Black "Maryasin, Boris Feliksovich"]
[Result "0-1"]
[WhiteElo "2131"]
[BlackElo "2302"]
[PlyCount "52"]
[EventDate "2018.06.29"]
[EventType "swiss"]
[EventRounds "9"]
[EventCountry "LTU"]
[SourceTitle "CBM 185 Extra"]
[Source "ChessBase"]
[SourceDate "2018.07.29"]
[SourceVersion "1"]
[SourceVersionDate "2018.07.29"]
[SourceQuality "1"]

1. d4 Nf6 2. c4 e6 3. Nf3 d5 4. Nc3 dxc4 5. e3 a6 6. Bxc4 b5 7. Bd3 Bb7 8. 0-0 c5 9. Qe2 Nc6 10. Rd1 Qc7 11. a4 b4 12. Ne4 cxd4 13. exd4 Nd5 14. Bd2 Be7 15. Rac1 Qb6 16. Neg5 Nxd4 17. Nxd4 Qxd4 18. Bb5+ Kf8 19. Bc6 Bxc6 20. Rxc6 Rd8 21. Qf3 Qf6 22. Rdc1 h6 23. Qh3 Kg8 24. Nf3 Qxb2 25. Qg3 Nc3 26. Qe5 Rxd2 0-1

[Event "EU-ch (Women) 18th"]
[Site "Riga"]
[Date "2017.04.17"]
[Round "7"]
[White "Travkina, Anastasia"]
[Black "Tsiganova, Monika"]
[Result "1/2-1/2"]
[WhiteElo "2287"]
[BlackElo "2111"]
[PlyCount "81"]
[EventDate "2017.04.11"]
[EventType "swiss"]
[EventRounds "11"]
[EventCountry "LAT"]
[SourceTitle "CBM 177 Extra"]
[Source "ChessBase"]
[SourceDate "2017.04.27"]
[SourceVersion "1"]
[SourceVersionDate "2017.04.27"]
[SourceQuality "1"]

1. e4 c5 2. Nf3 d6 3. d4 cxd4 4. Nxd4 Nf6 5. Nc3 a6 6. Bg5 e6 7. f4 h6 8. Bh4 Nbd7 9. Qf3 Be7 10. 0-0-0 Qc7 11. g4 g5 12. fxg5 Ne5 13. Qg3 Nfxg4 14. gxh6 Bxh4 15. Qxh4 Rxh6 16. Qg3 Bd7 17. Be2 Rg6 18. h4 0-0-0 19. h5 Rgg8 20. Rh4 Nh6 21. Qf4 Rh8 22. Nf3 f5 23. Nxe5 dxe5 24. Qf2 Bc6 25. Bc4 Rxd1+ 26. Nxd1 Bxe4 27. Bxe6+ Kb8 28. Nc3 Qe7 29. Nxe4 Qxe6 30. Nc5 Qd5 31. Rb4 Qh1+ 32. Kd2 Rd8+ 33. Nd3 Qxh5 34. Qb6 Qh2+ 35. Kc3 Rc8+ 36. Nc5 Qg3+ 37. Kc4 Qg8+ 38. Kc3 Qg3+ 39. Kc4 Qg8+ 40. Kc3 Qg3+ 41. Kc4 1/2-1/2

[Event "EU-ch (Women) 18th"]
[Site "Riga"]
[Date "2017.04.12"]
[Round "2"]
[White "Tsiganova, Monika"]
[Black "Vajda, Szidonia"]
[Result "1/2-1/2"]
[WhiteElo "2111"]
[BlackElo "2355"]
[PlyCount "60"]
[EventDate "2017.04.11"]
[EventType "swiss"]
[EventRounds "11"]
[EventCountry "LAT"]
[SourceTitle "CBM 177 Extra"]
[Source "ChessBase"]
[SourceDate "2017.04.27"]
[SourceVersion "1"]
[SourceVersionDate "2017.04.27"]
[SourceQuality "1"]

1. d4 Nf6 2. Nf3 g6 3. Bg5 Bg7 4. Nbd2 d5 5. e3 Nbd7 6. Bd3 c5 7. c3 b6 8. Qe2 Bb7 9. dxc5 Nxc5 10. Bb5+ Nfd7 11. Nd4 a6 12. Bc6 Qc7 13. Bxb7 Qxb7 14. 0-0 b5 15. Rad1 e6 16. Rfe1 h6 17. Bh4 Nb6 18. e4 Nxe4 19. Nxe4 dxe4 20. Nxb5 axb5 21. Qxb5+ Kf8 22. Rd8+ Rxd8 23. Bxd8 Qd5 24. Qb4+ Kg8 25. Bxb6 Qxa2 26. h4 Kh7 27. h5 Rb8 28. hxg6+ fxg6 29. Qd6 Rb7 30. Bd4 Qxb2 1/2-1/2

[Event "Olympiad Women-42"]
[Site "Baku"]
[Date "2016.09.13"]
[Round "11.2"]
[White "Chang, Suzana"]
[Black "Tsiganova, Monika"]
[Result "1-0"]
[WhiteElo "2093"]
[BlackElo "2095"]
[PlyCount "107"]
[EventDate "2016.09.02"]
[EventType "team-swiss"]
[EventRounds "11"]
[EventCountry "AZE"]
[SourceTitle "CBM 174 Extra"]
[Source "ChessBase"]
[SourceDate "2016.10.10"]
[SourceVersion "1"]
[SourceVersionDate "2016.10.10"]
[SourceQuality "1"]
[WhiteTeam "Brazil (W)"]
[BlackTeam "Estonia (W)"]
[WhiteTeamCountry "BRA"]
[BlackTeamCountry "EST"]

1. e4 c5 2. Nf3 a6 3. c4 e6 4. Be2 d6 5. d4 cxd4 6. Nxd4 Nf6 7. Nc3 Be7 8. 0-0 0-0 9. Be3 Nbd7 10. Rc1 Qc7 11. f3 b6 12. a3 Ne5 13. b4 Re8 14. Na4 Bd7 15. Nb2 Qb7 16. Qd2 b5 17. Nb3 Rac8 18. Qd4 Qb8 19. Kh1 Bc6 20. Na5 Ba8 21. cxb5 axb5 22. Qb6 Bd8 23. Qxb8 Rxb8 24. Ba7 Bxa5 25. Bxb8 Rxb8 26. bxa5 Nc6 27. a6 g6 28. Rb1 Nd4 29. Bd3 Nd7 30. Rfc1 Nc5 31. Bf1 Nxa6 32. a4 Nc5 33. axb5 f5 34. exf5 Nxf5 35. Nc4 Nd7 36. b6 Bd5 37. Bd3 Bxc4 38. Rxc4 Rxb6 39. Bxf5 gxf5 40. Rxb6 Nxb6 41. Rc6 Nd5 42. Rxd6 Kf7 43. Rd7+ Kg6 44. g3 h5 45. Kg2 Kf6 46. Kh3 f4 47. Kh4 Kf5 48. Rh7 fxg3 49. hxg3 Kg6 50. Rxh5 Nf6 51. Re5 Kf7 52. f4 Nd7 53. Kg5 Nf6 54. f5 1-0

[Event "Olympiad Women-42"]
[Site "Baku"]
[Date "2016.09.12"]
[Round "10.2"]
[White "Hoang, Thi Bao Tram"]
[Black "Tsiganova, Monika"]
[Result "1/2-1/2"]
[WhiteElo "2325"]
[BlackElo "2095"]
[PlyCount "99"]
[EventDate "2016.09.02"]
[EventType "team-swiss"]
[EventRounds "11"]
[EventCountry "AZE"]
[SourceTitle "CBM 174 Extra"]
[Source "ChessBase"]
[SourceDate "2016.10.10"]
[SourceVersion "1"]
[SourceVersionDate "2016.10.10"]
[SourceQuality "1"]
[WhiteTeam "Vietnam (W)"]
[BlackTeam "Estonia (W)"]
[WhiteTeamCountry "VIE"]
[BlackTeamCountry "EST"]

1. d4 Nf6 2. c4 e6 3. Nc3 Bb4 4. Qc2 0-0 5. a3 Bxc3+ 6. Qxc3 b6 7. Bg5 Bb7 8. f3 h6 9. Bh4 d6 10. e3 Nbd7 11. Bd3 c5 12. Ne2 Rc8 13. Qd2 cxd4 14. exd4 e5 15. 0-0 d5 16. cxd5 Bxd5 17. Ba6 Rc6 18. dxe5 Nxe5 19. Bxf6 Rxf6 20. Rad1 Rd6 21. Nc3 b5 22. Bxb5 Qb6+ 23. Qf2 Bc4 24. Rxd6 Qxd6 25. Rd1 Qb8 26. a4 Rc8 27. Bxc4 Nxc4 28. Nd5 Re8 29. b4 Qe5 30. Qd4 Nb2 31. f4 Qxd4+ 32. Rxd4 Nxa4 33. b5 Nb6 34. Nb4 Re2 35. Nc6 Ra2 36. h4 g6 37. f5 Kg7 38. fxg6 fxg6 39. Rd6 g5 40. h5 Nc4 41. Rg6+ Kh7 42. Re6 a5 43. Re4 Rc2 44. Re7+ Kg8 45. Ra7 g4 46. Kh2 Rb2 47. Ne7+ Kf8 48. Ng6+ Kg8 49. Ne7+ Kf8 50. Ng6+ 1/2-1/2

[Event "Olympiad Women-42"]
[Site "Baku"]
[Date "2016.09.11"]
[Round "9.2"]
[White "Tsiganova, Monika"]
[Black "Guerrero Rodriguez, Alejandra"]
[Result "1-0"]
[WhiteElo "2095"]
[BlackElo "2043"]
[PlyCount "59"]
[EventDate "2016.09.02"]
[EventType "team-swiss"]
[EventRounds "11"]
[EventCountry "AZE"]
[SourceTitle "CBM 174 Extra"]
[Source "ChessBase"]
[SourceDate "2016.10.10"]
[SourceVersion "1"]
[SourceVersionDate "2016.10.10"]
[SourceQuality "1"]
[WhiteTeam "Estonia (W)"]
[BlackTeam "Mexico (W)"]
[WhiteTeamCountry "EST"]
[BlackTeamCountry "MEX"]

1. d4 Nf6 2. Nf3 g6 3. c4 Bg7 4. Nc3 0-0 5. e4 c5 6. d5 d6 7. Be2 e6 8. 0-0 Re8 9. h3 Na6 10. Bg5 h6 11. Be3 Nc7 12. Qd2 Kh7 13. e5 dxe5 14. d6 Na6 15. Nxe5 Ne4 16. Nxe4 Bxe5 17. Bxh6 Bd7 18. Bg5 f6 19. Be3 Bc6 20. Nxc5 Bxd6 21. Nxa6 bxa6 22. Rad1 Bc7 23. Qb4 Qb8 24. Qc5 Qb7 25. Bf3 Bxf3 26. Rd7+ Kg8 27. Rxc7 Qe4 28. gxf3 Qxf3 29. Kh2 Rad8 30. Rg1 1-0

[Event "Olympiad Women-42"]
[Site "Baku"]
[Date "2016.09.08"]
[Round "6.2"]
[White "Pourkashiyan, Atousa"]
[Black "Tsiganova, Monika"]
[Result "1/2-1/2"]
[WhiteElo "2335"]
[BlackElo "2095"]
[PlyCount "73"]
[EventDate "2016.09.02"]
[EventType "team-swiss"]
[EventRounds "11"]
[EventCountry "AZE"]
[SourceTitle "CBM 174 Extra"]
[Source "ChessBase"]
[SourceDate "2016.10.10"]
[SourceVersion "1"]
[SourceVersionDate "2016.10.10"]
[SourceQuality "1"]
[WhiteTeam "Iran (W)"]
[BlackTeam "Estonia (W)"]
[WhiteTeamCountry "IRI"]
[BlackTeamCountry "EST"]

1. e4 c6 2. d4 d5 3. Nd2 dxe4 4. Nxe4 Nd7 5. Ng5 Ngf6 6. Bd3 e6 7. Qe2 Bd6 8. N1f3 h6 9. Ne4 Nxe4 10. Qxe4 Qc7 11. 0-0 c5 12. Qg4 Kf8 13. dxc5 Nxc5 14. Rd1 b6 15. Be3 Bb7 16. Bd4 f5 17. Qh3 Nxd3 18. Rxd3 Bxf3 19. Qxf3 Re8 20. Rad1 Bxh2+ 21. Kh1 Be5 22. Bxe5 Qxe5 23. Rd8 Ke7 24. R8d7+ Kf6 25. Qh5 Re7 26. Qh4+ g5 27. Qh5 Rxd7 28. Rxd7 Qe1+ 29. Kh2 Qxf2 30. Qf7+ Ke5 31. Qg7+ Ke4 32. Rd1 Rd8 33. Rxd8 Qh4+ 34. Kg1 Qe1+ 35. Kh2 Qh4+ 36. Kg1 Qe1+ 37. Kh2 1/2-1/2

[Event "Panevezys op-A 28th"]
[Site "Panevezys"]
[Date "2015.08.19"]
[Round "4"]
[White "Halfhide, Sebastian"]
[Black "Tsiganova, Monika"]
[Result "1/2-1/2"]
[WhiteElo "2151"]
[BlackElo "2065"]
[PlyCount "107"]
[EventDate "2015.08.17"]
[EventType "swiss"]
[EventRounds "9"]
[EventCountry "LTU"]
[SourceTitle "EXT 2016"]
[Source "ChessBase"]
[SourceDate "2015.10.08"]
[SourceVersion "1"]
[SourceVersionDate "2015.10.08"]
[SourceQuality "1"]

1. e4 c6 2. d4 d5 3. Nd2 dxe4 4. Nxe4 Nd7 5. Nf3 Ngf6 6. Nxf6+ Nxf6 7. c3 e6 8. Bd3 Be7 9. 0-0 0-0 10. Re1 c5 11. dxc5 Bxc5 12. Qe2 a5 13. Bg5 Be7 14. Rad1 Qc7 15. Ne5 h6 16. Bh4 a4 17. Bb1 Rd8 18. Qc2 Rxd1 19. Rxd1 Ra5 20. Ng4 h5 21. Bg3 e5 22. Nxf6+ Bxf6 23. Qh7+ Kf8 24. Qh8+ Ke7 25. Qxh5 Be6 26. Bh4 a3 27. Bxf6+ gxf6 28. b4 Ra8 29. Qf3 Rc8 30. c4 Bxc4 31. Qxa3 b5 32. Qe3 Be6 33. Bd3 Qd6 34. Qe2 Rd8 35. Bc2 Qxb4 36. Rxd8 Kxd8 37. Qd1+ Ke7 38. Bb3 Bxb3 39. axb3 f5 40. Kf1 Ke6 41. Qc2 Qd4 42. g3 Qd5 43. Ke2 e4 44. Qc3 Qd6 45. f3 exf3+ 46. Qxf3 Kf6 47. Kf1 b4 48. Qe3 Qd1+ 49. Kg2 Qd5+ 50. Kg1 Qd1+ 51. Kg2 Qc2+ 52. Kg1 Qd1+ 53. Kg2 Qc2+ 54. Kg1 1/2-1/2

[Event "EST-ch (Women)"]
[Site "Tallinn"]
[Date "2015.05.15"]
[Round "7"]
[White "Tsiganova, Monika"]
[Black "Sinitsina, Anastassia"]
[Result "1-0"]
[WhiteElo "2113"]
[BlackElo "1705"]
[PlyCount "73"]
[EventDate "2015.05.12"]
[EventType "tourn"]
[EventRounds "10"]
[EventCountry "EST"]
[SourceTitle "CBM 166 Extra"]
[Source "ChessBase"]
[SourceDate "2015.06.18"]
[SourceVersion "1"]
[SourceVersionDate "2015.06.18"]
[SourceQuality "1"]

1. d4 Nf6 2. c4 e6 3. Nf3 b6 4. e3 Bb7 5. Bd3 Be7 6. Nc3 c5 7. 0-0 0-0 8. b3 cxd4 9. exd4 d5 10. Bb2 Nbd7 11. Re1 dxc4 12. bxc4 Rc8 13. Qe2 Re8 14. Rad1 Nf8 15. Ne5 a6 16. Qe3 Qc7 17. Na4 Bb4 18. Re2 b5 19. cxb5 Qa5 20. Nc5 Bxc5 21. dxc5 axb5 22. c6 Ba6 23. Qg3 Nh5 24. Qg5 g6 25. Ng4 e5 26. Rxe5 Ne6 27. Qh6 Qa4 28. Qxh7+ Kf8 29. Qh8+ Ke7 30. Rxe6+ fxe6 31. Qh7+ Kf8 32. Ne3 Red8 33. Qxg6 b4 34. Qh6+ Ke7 35. Bf6+ Nxf6 36. Qg7+ Kd6 37. Bc2+ 1-0

[Event "EST-ch (Women)"]
[Site "Tallinn"]
[Date "2015.05.13"]
[Round "2"]
[White "Sinitsina, Anastassia"]
[Black "Tsiganova, Monika"]
[Result "1-0"]
[WhiteElo "1705"]
[BlackElo "2113"]
[PlyCount "95"]
[EventDate "2015.05.12"]
[EventType "tourn"]
[EventRounds "10"]
[EventCountry "EST"]
[SourceTitle "CBM 166 Extra"]
[Source "ChessBase"]
[SourceDate "2015.06.18"]
[SourceVersion "1"]
[SourceVersionDate "2015.06.18"]
[SourceQuality "1"]

1. e4 c6 2. d4 d5 3. Nc3 dxe4 4. Nxe4 Nd7 5. Nf3 Ngf6 6. Ng3 e6 7. Bd3 Qc7 8. 0-0 c5 9. c4 cxd4 10. Nxd4 a6 11. b3 Bc5 12. Bb2 0-0 13. Qe2 Re8 14. Rac1 Qf4 15. Rcd1 Ne5 16. Bb1 Neg4 17. h3 Nh6 18. Kh1 Nf5 19. Ndxf5 exf5 20. Qd2 Qxd2 21. Rxd2 f4 22. Nf5 Nh5 23. Rd5 Bxf2 24. Ne7+ Kf8 25. Rxh5 Rxe7 26. Ba3 Bg3 27. Bxe7+ Kxe7 28. Rxh7 Bd7 29. Be4 Rg8 30. Bxb7 Bf5 31. Rh5 g5 32. Rd1 f6 33. c5 Kf7 34. Bd5+ Kg6 35. Bxg8 Kxh5 36. Bd5 Kh4 37. Bf3 Bf2 38. c6 Bb6 39. Rd6 Kg3 40. Rxf6 Bxh3 41. Rg6 g4 42. gxh3 Kxf3 43. Rxg4 Ke3 44. h4 f3 45. h5 Ke2 46. Rf4 Bc7 47. Rxf3 Kxf3 48. h6 1-0

[Event "Olympiad Women-41"]
[Site "Tromsoe"]
[Date "2014.08.12"]
[Round "10.2"]
[White "Tsiganova, Monika"]
[Black "Agrest, Inna"]
[Result "1-0"]
[WhiteElo "2094"]
[BlackElo "2235"]
[PlyCount "103"]
[EventDate "2014.08.02"]
[EventType "team-swiss"]
[EventRounds "11"]
[EventCountry "NOR"]
[SourceTitle "CBM 162"]
[Source "ChessBase"]
[SourceDate "2014.09.17"]
[SourceVersion "1"]
[SourceVersionDate "2014.09.17"]
[SourceQuality "1"]
[WhiteTeam "Estonia (W)"]
[BlackTeam "Sweden (W)"]
[WhiteTeamCountry "EST"]
[BlackTeamCountry "SWE"]

1. d4 Nf6 2. Nf3 g6 3. c4 Bg7 4. Nc3 d6 5. Bf4 0-0 6. h3 Nfd7 7. e3 e5 8. Bg3 Nc6 9. Be2 Re8 10. 0-0 Nf8 11. a3 exd4 12. exd4 Ne7 13. d5 Nf5 14. Bf4 Nd7 15. Bg5 f6 16. Bc1 Ne5 17. Nh2 c5 18. dxc6 bxc6 19. Ng4 Be6 20. b3 a5 21. Re1 Bf7 22. Bf4 h5 23. Ne3 Nxe3 24. Bxe3 f5 25. Qd2 Rb8 26. Rab1 Rb7 27. Red1 Qf6 28. Na4 d5 29. Nc5 Rbe7 30. Bg5 Qd6 31. Bxe7 Qxe7 32. Qxa5 f4 33. Re1 f3 34. Bf1 Qg5 35. Re3 d4 36. Ne4 Qe7 37. Ree1 d3 38. Qd2 fxg2 39. Bxg2 Qxa3 40. f4 Nd7 41. Qxd3 Nc5 42. Qd6 Rxe4 43. Bxe4 Qa7 44. Kh1 Nxe4 45. Rxe4 Qf2 46. Qd3 c5 47. Rf1 Qb2 48. Re7 Bd4 49. Qf3 Qc2 50. f5 gxf5 51. Qa8+ Kg7 52. Qb7 1-0

[Event "Olympiad Women-41"]
[Site "Tromsoe"]
[Date "2014.08.11"]
[Round "9.2"]
[White "Dolzhikova, Olga"]
[Black "Tsiganova, Monika"]
[Result "1-0"]
[WhiteElo "2166"]
[BlackElo "2094"]
[PlyCount "123"]
[EventDate "2014.08.02"]
[EventType "team-swiss"]
[EventRounds "11"]
[EventCountry "NOR"]
[SourceTitle "CBM 162"]
[Source "ChessBase"]
[SourceDate "2014.09.17"]
[SourceVersion "1"]
[SourceVersionDate "2014.09.17"]
[SourceQuality "1"]
[WhiteTeam "Norway (W)"]
[BlackTeam "Estonia (W)"]
[WhiteTeamCountry "NOR"]
[BlackTeamCountry "EST"]

1. e4 c5 2. c3 Nf6 3. e5 Nd5 4. g3 d6 5. exd6 e6 6. Bg2 Bxd6 7. Nf3 Nc6 8. 0-0 0-0 9. d4 cxd4 10. Nxd4 Nxd4 11. Qxd4 Qc7 12. Nd2 Rd8 13. Nf3 Bd7 14. Bg5 f6 15. Bd2 Bb5 16. Rfe1 Bc5 17. Qe4 e5 18. Red1 Nb6 19. Be1 a5 20. b3 Bc6 21. Qe2 Rxd1 22. Rxd1 Rd8 23. Rxd8+ Qxd8 24. Qd2 Qxd2 25. Nxd2 Bxg2 26. Kxg2 f5 27. c4 a4 28. Nb1 axb3 29. axb3 Kf7 30. Bc3 Ke6 31. f4 Nd7 32. fxe5 Nxe5 33. Nd2 g6 34. Kf1 Ng4 35. Nf3 Be7 36. Ke2 h6 37. Bd2 Bf8 38. Bc3 Be7 39. Bd4 Bd6 40. Bg7 Kf7 41. Bd4 Ke6 42. Bg1 Nf6 43. Nd4+ Kd7 44. Nb5 Be5 45. Bd4 Bxd4 46. Nxd4 Kd6 47. Kd3 Ne4 48. b4 Nf2+ 49. Ke2 Ne4 50. Ke3 Nf6 51. Nf3 g5 52. Kd4 b6 53. Ne5 Ke6 54. Nd3 Ng4 55. h3 Nf6 56. b5 Nh5 57. c5 Nxg3 58. cxb6 Kd6 59. Ne5 Ne2+ 60. Kc4 Nf4 61. Nc6 Ne6 62. b7 1-0

[Event "Olympiad Women-41"]
[Site "Tromsoe"]
[Date "2014.08.10"]
[Round "8.2"]
[White "Tsiganova, Monika"]
[Black "Shvayger, Yuliya"]
[Result "1/2-1/2"]
[WhiteElo "2094"]
[BlackElo "2275"]
[PlyCount "63"]
[EventDate "2014.08.02"]
[EventType "team-swiss"]
[EventRounds "11"]
[EventCountry "NOR"]
[SourceTitle "CBM 162"]
[Source "ChessBase"]
[SourceDate "2014.09.17"]
[SourceVersion "1"]
[SourceVersionDate "2014.09.17"]
[SourceQuality "1"]
[WhiteTeam "Estonia (W)"]
[BlackTeam "Israel (W)"]
[WhiteTeamCountry "EST"]
[BlackTeamCountry "ISR"]

1. d4 Nf6 2. c4 g6 3. Nc3 d5 4. Nf3 Bg7 5. Bg5 Ne4 6. cxd5 Nxg5 7. Nxg5 e6 8. Nf3 exd5 9. e3 0-0 10. b4 Qd6 11. Qb3 Be6 12. Be2 Nd7 13. 0-0 c6 14. b5 c5 15. Rac1 c4 16. Qb2 a6 17. a4 axb5 18. Qxb5 Ra6 19. Rb1 Rb6 20. Qa5 Rxb1 21. Rxb1 b6 22. Qb4 Qc6 23. Qb5 Qd6 24. Nd2 Ra8 25. Bf3 Ra5 26. Qb2 f5 27. g3 Bf8 28. Nb5 Qc6 29. Nc3 Qd6 30. Nb5 Qc6 31. Nc3 Qd6 32. Nb5 1/2-1/2

[Event "Olympiad Women-41"]
[Site "Tromsoe"]
[Date "2014.08.06"]
[Round "5.2"]
[White "Tsiganova, Monika"]
[Black "Krivec, Jana"]
[Result "0-1"]
[WhiteElo "2094"]
[BlackElo "2259"]
[PlyCount "118"]
[EventDate "2014.08.02"]
[EventType "team-swiss"]
[EventRounds "11"]
[EventCountry "NOR"]
[SourceTitle "CBM 162"]
[Source "ChessBase"]
[SourceDate "2014.09.17"]
[SourceVersion "1"]
[SourceVersionDate "2014.09.17"]
[SourceQuality "1"]
[WhiteTeam "Estonia (W)"]
[BlackTeam "Slovenia (W)"]
[WhiteTeamCountry "EST"]
[BlackTeamCountry "SLO"]

1. d4 f5 2. g3 Nf6 3. Bg2 e6 4. c4 Be7 5. Nf3 d6 6. 0-0 0-0 7. b3 a5 8. Nc3 Ne4 9. Bb2 Nxc3 10. Bxc3 Qe8 11. Qd3 Qg6 12. Rfe1 Nd7 13. e4 f4 14. Rad1 Qh6 15. e5 d5 16. gxf4 Qxf4 17. Bd2 Qg4 18. a4 dxc4 19. bxc4 Nb6 20. Re4 Qg6 21. h3 Nxc4 22. Qxc4 Qxe4 23. Ng5 Qf5 24. Ne4 Bh4 25. Be3 Bd7 26. d5 exd5 27. Qxd5+ Be6 28. Qxb7 Qxe5 29. Nc5 Rad8 30. Re1 Bd5 31. Qb1 Rd6 32. Nd3 Qf5 33. Bxd5+ Rxd5 34. Nf4 Qxb1 35. Rxb1 Re5 36. Nd3 Rd5 37. Nf4 Rg5+ 38. Kf1 Rgf5 39. Ne6 Re8 40. Nd4 Rf7 41. Kg2 Re4 42. Rb5 Bf6 43. Nc6 Rxa4 44. Nxa5 Bd4 45. Bxd4 Rxd4 46. Rb8+ Rf8 47. Rb7 Rd2 48. Rxc7 Rfxf2+ 49. Kg3 Rg2+ 50. Kf3 Rdf2+ 51. Ke4 Rg3 52. Nc6 Rxh3 53. Ne7+ Kf8 54. Nf5 g6 55. Rc8+ Kf7 56. Nd6+ Ke6 57. Nc4 Rc2 58. Rc6+ Ke7 59. Kd5 Rh5+ 0-1

[Event "Olympiad Women-41"]
[Site "Tromsoe"]
[Date "2014.08.04"]
[Round "3.2"]
[White "Shabanaj, Eglantina"]
[Black "Tsiganova, Monika"]
[Result "0-1"]
[WhiteElo "2033"]
[BlackElo "2094"]
[PlyCount "74"]
[EventDate "2014.08.02"]
[EventType "team-swiss"]
[EventRounds "11"]
[EventCountry "NOR"]
[SourceTitle "CBM 162"]
[Source "ChessBase"]
[SourceDate "2014.09.17"]
[SourceVersion "1"]
[SourceVersionDate "2014.09.17"]
[SourceQuality "1"]
[WhiteTeam "Albania (W)"]
[BlackTeam "Estonia (W)"]
[WhiteTeamCountry "ALB"]
[BlackTeamCountry "EST"]

1. e4 c6 2. d4 d5 3. Nc3 dxe4 4. Nxe4 Nd7 5. Nf3 Ngf6 6. Bd3 Nxe4 7. Bxe4 Nf6 8. Bd3 Bg4 9. Be3 e6 10. 0-0 Be7 11. c4 0-0 12. h3 Bh5 13. g4 Bg6 14. Bxg6 hxg6 15. Ne5 Qc8 16. Qf3 c5 17. Rad1 Qc7 18. h4 Rad8 19. Rfe1 cxd4 20. Bxd4 Bb4 21. Re3 Rxd4 22. Rxd4 Bc5 23. Qd1 Bxd4 24. Qxd4 Qa5 25. Ra3 Qe1+ 26. Kg2 a6 27. Rb3 b5 28. cxb5 axb5 29. Rxb5 Rc8 30. Rc5 Rxc5 31. Qxc5 Qe4+ 32. Kg3 Nd5 33. Qd6 Qf4+ 34. Kh3 Qxf2 35. g5 Nf4+ 36. Kg4 Nh5 37. Nxg6 Qf5+ 0-1